Statistics for Australia Qiz

Click here to take the quiz!

General Stats

  • This quiz has been taken 27 times
  • The average score is 7 of 18

Answer Stats

HintAnswer% Correct
Australian capital cityCanberra
86%
Capital of the Northern TerritoryDarwin
77%
Capital city of TasmaniaHobart
68%
A [...] ate someone's babyDingo
64%
City known for theme parks and entertainment [...]-CoastGold
45%
Actual name of what we throw on the barbiePrawn
45%
Cape [...], most northern pointYork
45%
Opal mining town in South Australia [...]-PedyCoober
36%
Labor leader after Hawke (1991)Keating
27%
Sydney beach suburb, mainly accessible by boatManly
27%
Popular penguin island south of MelbournePhillip
27%
Bank named after this townBendigo
23%
Famous national park in the Northern TerritoryKakadu
23%
Twin theme parks in Melbourne and SydneyLuna
18%
Prime Minister from 1949-1966 (last name)Menzies
18%
AFL team of WA (place) 1*Fremantle
14%
AFL team of WA (animal) 2*Eagles
9%
Only AFL team to play 'home games' in Tasmania (animal)Hawks
9%

Score Distribution

Percentile by Number Answered

Percent of People with Each Score

Your Score History

You have not taken this quiz